University Home | Library Home | Institutional Repository

Legends and history of the Luba / (Record no. 101223)

MARC details
000 -LEADER
fixed length control field 00447cam8a220014500 4500
005 - DATE AND TIME OF LATEST TRANSACTION
control field 20190819100703.0
008 - FIXED-LENGTH DATA ELEMENTS--GENERAL INFORMATION
fixed length control field 000829
020 ## - INTERNATIONAL STANDARD BOOK NUMBER
International Standard Book Number 0918456509
035 ## - SYSTEM CONTROL NUMBER
System control number (Sirsi) a143055
050 #0 - LIBRARY OF CONGRESS CALL NUMBER
Classification number ZMB DT650.L8 WOR 1984
100 1# - MAIN ENTRY--PERSONAL NAME
Personal name Wormersley, Harold
Linkage A113346.1
245 10 - TITLE STATEMENT
Title Legends and history of the Luba /
Statement of responsibility, etc. Harold Wormersley.
260 ## - PUBLICATION, DISTRIBUTION, ETC.
Place of publication, distribution, etc. Los Angels :
Name of publisher, distributor, etc. Crossroad,
Date of publication, distribution, etc. 1984.
650 #0 - SUBJECT ADDED ENTRY--TOPICAL TERM
Topical term or geographic name entry element Luba (African people)
Linkage S6357.1

No items available.

© 2026 - The University of Zambia Library - Koha v25.11